Statistics for 清末(1911)府城——现代城市

Click here to take the quiz!

General Stats

  • This quiz has been taken 221 times
    (219 since last reset)
  • The average score is 73 of 119

Answer Stats

省份府城-城市% Correct
京师顺天府-北京
98%
直隶保定府-保定
86%
江苏江宁府-南京
85%
奉天奉天府-沈阳
85%
陕西西安府-西安
83%
江苏苏州府-苏州
83%
山西太原府-太原
81%
广东广州府-广州
81%
河南河南府-洛阳
80%
湖北武昌府-武汉(武昌)
80%
浙江杭州府-杭州
80%
山东济南府-济南
80%
江苏扬州府-扬州
79%
安徽庐州府-合肥
79%
福建福州府-福州
79%
吉林吉林府-吉林
79%
四川成都府-成都
79%
湖南长沙府-长沙
79%
吉林长春府-长春
78%
江西南昌府-南昌
78%
山西大同府-大同
78%
甘肃兰州府-兰州
78%
直隶承德府-承德
77%
河南开封府-开封
77%
云南云南府-昆明
77%
福建泉州府-泉州
75%
广西南宁府-南宁
75%
江苏徐州府-徐州
75%
台湾台北府-台北
75%
直隶天津府-天津
74%
贵州贵阳府-贵阳
74%
湖北汉阳府-武汉(汉阳)
74%
黑龙江龙江府-齐齐哈尔
73%
浙江温州府-温州
73%
浙江宁波府-宁波
70%
江西赣州府-赣州
70%
陕西延安府-延安
70%
河南南阳府-南阳
70%
台湾台南府-台南
70%
广西桂林府-桂林
70%
江苏常州府-常州
69%
江西九江府-九江
69%
安徽安庆府-安庆
69%
新疆迪化府-乌鲁木齐
69%
江苏淮安府-淮安(淮安区)
68%
浙江绍兴府-绍兴
68%
甘肃甘州府-张掖
68%
湖北襄阳府-襄阳
67%
浙江湖州府-湖州
67%
陕西汉中府-汉中
67%
四川重庆府-重庆
67%
台湾台湾府-台中
67%
浙江嘉兴府-嘉兴
67%
广东潮州府-潮州
66%
甘肃凉州府-武威
66%
浙江金华府-金华
64%
广西柳州府-柳州
64%
贵州遵义府-遵义
63%
福建漳州府-漳州
63%
浙江衢州府-衢州
63%
陕西榆林府-榆林
63%
湖南岳州府-岳阳
62%
湖北荆州府-荆州
62%
江苏镇江府-镇江
61%
直隶顺德府-邢台
60%
山东泰安府-泰安
60%
广东惠州府-惠州
60%
山西泽州府-晋城
58%
山东沂州府-临沂
58%
河南彰德府-安阳
58%
奉天锦州府-锦州
57%
江西广信府-上饶
57%
浙江处州府-丽水
57%
湖南常德府-常德
56%
湖南衡阳府-衡阳
54%
湖北宜昌府-宜昌
54%
云南丽江府-丽江
54%
广东韶州府-韶关
54%
山东曹州府-菏泽
53%
福建兴化府-莆田
53%
湖北黄州府-黄冈
52%
吉林延吉府-延吉(延边州)
52%
黑龙江黑河府-黑河
51%
安徽颍州府-阜阳
51%
四川嘉定府-乐山
51%
四川绥定府-达州
51%
山西平阳府-临汾
51%
江西吉安府-吉安
50%
山西潞安府-长治
49%
福建延平府-南平
49%
山东东昌府-聊城
49%
江西抚州府-抚州
49%
江西袁州府-宜春
49%
广东肇庆府-肇庆
48%
广西梧州府-梧州
48%
陕西兴安府-安康
48%
四川叙州府-宜宾
48%
贵州安顺府-安顺
47%
河南归德府-商丘
47%
四川顺庆府-南充
45%
安徽宁国府-宣城
45%
云南昭通府-昭通
45%
安徽池州府-池州
45%
云南曲靖府-曲靖
45%
湖南宝庆府-邵阳
44%
云南楚雄府-楚雄
44%
四川雅州府-雅安
43%
吉林新城府-松原
43%
甘肃平凉府-平凉
43%
甘肃宁夏府-银川
40%
贵州都匀府-都匀(黔南州)
40%
贵州铜仁府-铜仁
39%
云南开化府-文山
35%
云南保山府-保山
34%
黑龙江绥化府-绥化
33%
甘肃西宁府-西宁
30%
新疆温宿府-阿克苏
25%
直隶朝阳府-朝阳
20%
四川昌都府-昌都
8%

Score Distribution

Percentile by Number Answered

Percent of People with Each Score

Your Score History

You have not taken this quiz since the last reset